Pony pals : (Record no. 6058)
[ view plain ]
| 000 -LEADER | |
|---|---|
| fixed length control field | 01059nam a22003017a 4500 |
| 001 - CONTROL NUMBER | |
| control field | 6058 |
| 003 - CONTROL NUMBER IDENTIFIER | |
| control field | FISKH |
| 005 - DATE AND TIME OF LATEST TRANSACTION | |
| control field | 20250303154024.0 |
| 008 - FIXED-LENGTH DATA ELEMENTS--GENERAL INFORMATION | |
| fixed length control field | 250303b cb ||||| |||| 00| 0 eng d |
| 020 ## - INTERNATIONAL STANDARD BOOK NUMBER | |
| International Standard Book Number | 9780590629744 |
| 040 ## - CATALOGING SOURCE | |
| Original cataloging agency | FISKH |
| Language of cataloging | eng |
| Transcribing agency | FISKH |
| Modifying agency | FISKH |
| 050 ## - LIBRARY OF CONGRESS CALL NUMBER | |
| Classification number | PZ7.B46626 W |
| 082 ## - DEWEY DECIMAL CLASSIFICATION NUMBER | |
| Classification number | 484 |
| 100 ## - MAIN ENTRY--PERSONAL NAME | |
| Personal name | Betancourt, Jeanne |
| Dates associated with a name | (1941-) |
| 245 ## - TITLE STATEMENT | |
| Title | Pony pals : |
| Remainder of title | The wild pony / |
| Statement of responsibility, etc. | Jeanne Betancourt ; illustrated by Paul Bachem |
| 250 ## - EDITION STATEMENT | |
| Edition statement | This edition first published in 1996 |
| 260 ## - PUBLICATION, DISTRIBUTION, ETC. | |
| Place of publication, distribution, etc. | New York : |
| Name of publisher, distributor, etc. | Scholastic, |
| Date of publication, distribution, etc. | 1996 |
| 300 ## - PHYSICAL DESCRIPTION | |
| Extent | 80 pages : |
| Other physical details | illustrations ; |
| Dimensions | 20 cm |
| 505 ## - FORMATTED CONTENTS NOTE | |
| Formatted contents note | P<br/> |
| 520 ## - SUMMARY, ETC. | |
| Summary, etc. | Discovering a skinny, neglected pony near a vacant house, the Pony Pals learn that the horse is being sold for salvage and that they will have to trespass on private property if they are to save him.<br/> |
| 521 8# - TARGET AUDIENCE NOTE | |
| Target audience note | 620<br/> |
| Source | Lexile<br/> |
| 521 8# - TARGET AUDIENCE NOTE | |
| Target audience note | P<br/> |
| Source | Raz-Plus<br/> |
| 650 ## - SUBJECT ADDED ENTRY--TOPICAL TERM | |
| Source of heading or term | Horses |
| Topical term or geographic name entry element | Pony Pals |
| 650 ## - SUBJECT ADDED ENTRY--TOPICAL TERM | |
| Source of heading or term | Borrowed 2014 |
| Topical term or geographic name entry element | Animal Fiction Level Q |
| 700 ## - ADDED ENTRY--PERSONAL NAME | |
| Personal name | Bachem, Paul |
| Dates associated with a name | illustrator |
| 942 ## - ADDED ENTRY ELEMENTS (KOHA) | |
| Source of classification or shelving scheme | Dewey Decimal Classification |
| Koha item type | Books |
| Suppress in OPAC | No |
| Withdrawn status | Lost status | Source of classification or shelving scheme | Damaged status | Not for loan | Collection | Home library | Current library | Shelving location | Date acquired | Total Checkouts | Full call number | Barcode | Date last seen | Copy number | Price effective from | Koha item type |
|---|---|---|---|---|---|---|---|---|---|---|---|---|---|---|---|---|
| Dewey Decimal Classification | Juvenile Fiction | Footprints International School Library Network Toul Kork Campus | Footprints International School Library Network Toul Kork Campus | TTP Primary Yellow Bookshelves | 03/03/2025 | BET 484 PZ7.B46626 W | 2025-0721 | 03/03/2025 | 1 | 03/03/2025 | Books |
